De la corruption littéraire en France (Record no. 162492)

MARC details
000 -LEADER
campo de control de longitud fija 00727nam a22002055i 4500
001 - NÚMERO DE CONTROL
campo de control 162492
003 - IDENTIFICADOR DE NÚMERO DE CONTROL
campo de control ES-MaACL
005 - FECHA Y HORA DE LA ÚLTIMA TRANSACCIÓN
campo de control 20250801094346.0
008 - DATOS DE LONGITUD FIJA--INFORMACIÓN GENERAL
campo de control de longitud fija 041117s1873 be |||| | fre d
040 ## - FUENTE DE CATALOGACIÓN
Centro catalogador/agencia de origen CAM
Lengua de catalogación spa
Centro/agencia transcriptor CAM
100 1# - ENTRADA PRINCIPAL--NOMBRE DE PERSONA
Nombre de persona Potvin, Ch.
9 (RLIN) 131311
245 10 - MENCIÓN DEL TÍTULO
Título De la corruption littéraire en France
Resto del título : étude de littérature comparée sur les lois morales de l'art /
Mención de responsabilidad, etc. par Ch. Potvin.
250 ## - MENCION DE EDICION
Mención de edición 2e. éd.
260 ## - PUBLICACIÓN, DISTRIBUCIÓN, ETC.
Lugar de publicación, distribución, etc. Bruxelles ;
-- Leipzig :
Nombre del editor, distribuidor, etc. C. Muquardt :
-- Henry Merzbach,
Fecha de publicación, distribución, etc. 1873 (
Fabricante Imprimerie de Bouillon)
300 ## - DESCRIPCIÓN FÍSICA
Extensión IX, 478 p. ;
Dimensiones 22 cm.
650 #7 - PUNTO DE ACCESO ADICIONAL DE MATERIA--TÉRMINO DE MATERIA
Término de materia o nombre geográfico como elemento de entrada Literatura francesa
Fuente del encabezamiento o término embne
9 (RLIN) 14582
752 ## - ENTRADA AGREGADA--NOMBRE JERÁRQUICO DEL LUGAR
País o entidad superior Bélgica -
Ciudad Bruselas
852 ## - LOCALIZACIÓN
Ubicación ES-MaACL
Número de control de estantería F-6561
Nota libre -- Enc. hol.
Holdings
Estatus retirado Estado de pérdida Estado de daño No para préstamo Colección Biblioteca de origen Biblioteca actual Ubicación en estantería Fecha de adquisición Fuente de adquisición Total de préstamos Signatura topográfica completa Código de barras Visto por última vez Precio de reemplazo Tipo de ítem Koha
        Libros del s. XIX Biblioteca del Ateneo de Madrid Biblioteca del Ateneo de Madrid Depósito 2 17/01/2008     F-6561 1170230 23/02/2023 23/02/2023 Libro impreso antiguo